000 00478cam a2200193ua 4500
020 _cRs 11.00
041 _aeng
_h
082 _a923.2G
_bTEN/MA
100 _aTendulkar, D G .
245 _aMahatma, Vol 6 /
_cD G Tendulkar.
_hTextual Documents
260 _aIndia :
_bPublication Division, Govt. of India ,
_c1962.
300 _a315 ; .
362 0 _aVol 1-
365 _aRs 11.00
504 _a
650 _aGandhiana
942 _cBK
999 _c1105
_d1105